Online
Catalog

Historia universal : (Record no. 25227)

MARC details
000 -CABECERA
campo de control de longitud fija 00774cam a2200205 a 4500
001 - NÚMERO DE CONTROL
campo de control 000025735
005 - FECHA Y HORA DE LA ÚLTIMA TRANSACCIÓN
campo de control 20200930024017.0
008 - DATOS DE LONGITUD FIJA--INFORMACIÓN GENERAL
campo de control de longitud fija 760831s2001 mx ab 000 | spa d
082 ## - NÚMERO DE LA CLASIFICACIÓN DECIMAL DEWEY
Número de clasificación xxx
Número de documento/Ítem L234h
049 ## - FONDOS LOCALES (OCLC)
Fondos de biblioteca BNGR
040 ## - FUENTE DE LA CATALOGACIÓN
Centro catalogador/agencia de origen DO-SdBNP
100 1# - ENTRADA PRINCIPAL--NOMBRE DE PERSONA
Nombre de persona Lamoneda Huerta, Mireya,
9 (RLIN) 52528
245 10 - MENCIÓN DE TÍTULO
Título Historia universal :
Resto del título del hombre del renacimiento al hombre contemporáneo /
Mención de responsabilidad, etc. Mireya Lamoneda Huerta, María Eulalia Ribó Bagaría; edición Enrique Quintanar Duarte.
260 ## - PUBLICACIÓN, DISTRIBUCIÓN, ETC.
Lugar de publicación, distribución, etc. México, D. F. :
Nombre del editor, distribuidor, etc. Pearson Educación ,
Fecha de publicación, distribución, etc. 2001.
300 ## - DESCRIPCIÓN FÍSICA
Extensión xi, 629 p. :
Otras características físicas il., retrs. ;
Dimensiones 27 cm.
500 ## - NOTA GENERAL
Nota general Incluye índice analítico
504 ## - NOTA DE BIBLIOGRAFÍA, ETC.
Nota de bibliografía, etc. Bibliografía : p. 628-631
700 1# - PUNTO DE ACCESO ADICIONAL--NOMBRE DE PERSONA
Nombre de persona Ribó Bagaría, María Eulalia,
9 (RLIN) 52529
700 1# - PUNTO DE ACCESO ADICIONAL--NOMBRE DE PERSONA
Nombre de persona Quintanar Duarte, Enrique,
Término indicativo de función/relación ed.
9 (RLIN) 20034
Holdings
Estado de retiro Estado de pérdida Restricciones de uso No para préstamo Código de colección Localización permanente Ubicación/localización actual Ubicación en estantería Fecha de adquisición Número de inventario Total de préstamos Signatura topográfica completa Código de barras Fecha visto por última vez Precio válido a partir de Tipo de ítem Koha
      Excluido de préstamo Monografías: Libros y Folletos General General En catalogación 21.02.2011 LF1   xxx L234h 25735-10 25.06.2020 25.06.2020 No se presta

Powered by Koha